| 000 | 00427nam a2200181Ia 4500 | ||
|---|---|---|---|
| 005 | 20250609100452.0 | ||
| 008 | 191130s2009##################000#0#eng## | ||
| 020 |
_a9780593062326 _qpbk |
||
| 041 | _aeng | ||
| 082 | _a823.92 CAI | ||
| 100 | _aCain, Tom | ||
| 245 |
_aAssassin _cTom Cain |
||
| 250 | _a1st ed | ||
| 260 |
_aLondon _bBantam Press _c2009 |
||
| 300 | _a365 p. ; 24 cm | ||
| 650 | _aFiction | ||
| 942 | _cENGLISH | ||
| 999 |
_c246328 _d246328 |
||